[Event "Selestat op 15th"]
[Site "Selestat"]
[Date "2008.02.22"]
[Round "2"]
[White "Barsov, Alexei"]
[Black "Brunstein, Sandrine"]
[Result "1-0"]
[WhiteElo "2521"]
[BlackElo "2076"]
[PlyCount "93"]
[EventDate "2008.02.21"]
[EventType "swiss"]
[EventRounds "7"]
[EventCountry "FRA"]
[SourceTitle "CBM 122 Extra"]
[Source "ChessBase"]
[SourceDate "2008.03.04"]
[SourceVersion "1"]
[SourceVersionDate "2008.03.04"]
[SourceQuality "1"]

1. d4 e6 2. c4 Nf6 3. Nc3 Bb4 4. Nf3 0-0 5. Bg5 d5 6. cxd5 exd5 7. e3 c6 8. Bd3 Bg4 9. Qb3 a5 10. a3 Bxc3+ 11. bxc3 b5 12. Ne5 Be6 13. a4 Qb6 14. axb5 Nfd7 15. Nf3 Na6 16. Bf4 c5 17. Qb1 Nc7 18. Bxh7+ Kh8 19. Bd3 c4 20. Bxc7 Qxc7 21. Bf5 Bxf5 22. Qxf5 Nf6 23. h4 Rfb8 24. Ne5 Rxb5 25. h5 Rb6 26. g4 Rab8 27. f3 Qb7 28. 0-0 Qc7 29. Rxa5 Rb2 30. Rc5 Qa7 31. h6 Kg8 32. Rc8+ Rxc8 33. Qxc8+ Kh7 34. Qf5+ Kg8 35. Qc8+ Kh7 36. hxg7 Kxg7 37. g5 Ng8 38. Qf5 Re2 39. Ng4 Qa5 40. Qe5+ Kh7 41. Qf5+ Kg7 42. Qe5+ Kh7 43. Qe8 Kg7 44. Ne5 Qa7 45. Nd7 Qa3 46. Qe5+ f6 47. gxf6+ 1-0

[Event "FRA-chT2 East 0708"]
[Site "France"]
[Date "2008.02.10"]
[Round "7.5"]
[White "Brunstein, Sandrine"]
[Black "Py, Bernard"]
[Result "1-0"]
[WhiteElo "2076"]
[BlackElo "1980"]
[PlyCount "57"]
[EventDate "2007.10.21"]
[EventType "team"]
[EventRounds "11"]
[EventCountry "FRA"]
[SourceTitle "EXT 2009"]
[Source "ChessBase"]
[SourceDate "2008.11.26"]
[SourceVersion "1"]
[SourceVersionDate "2008.11.26"]
[SourceQuality "1"]
[WhiteTeam "Obernai"]
[BlackTeam "Besancon TPG II"]
[WhiteTeamCountry "FRA"]
[BlackTeamCountry "FRA"]

1. e4 c5 2. Nf3 d6 3. c3 Nf6 4. Bb5+ Bd7 5. Bxd7+ Nbxd7 6. Qe2 Qc7 7. 0-0 e6 8. d4 Be7 9. Nbd2 0-0 10. Rd1 Rac8 11. Nf1 cxd4 12. Nxd4 a6 13. Ng3 d5 14. exd5 Nxd5 15. Nxe6 Nxc3 16. bxc3 Qc6 17. Nxf8 Bxf8 18. Be3 Nf6 19. Bd4 Re8 20. Qf3 Qxf3 21. gxf3 Nd5 22. c4 Nf4 23. Be3 Ne6 24. Rab1 Re7 25. c5 g6 26. Rb6 Rc7 27. Ne4 Kg7 28. Nd6 Nxc5 29. Ne8+ 1-0

[Event "FRA-chT2 East 0607"]
[Site "France"]
[Date "2007.02.11"]
[Round "7.6"]
[White "Ziegler, Yvan"]
[Black "Brunstein, Sandrine"]
[Result "1-0"]
[WhiteElo "2002"]
[BlackElo "2026"]
[PlyCount "63"]
[EventDate "2006.10.15"]
[EventType "team"]
[EventRounds "11"]
[EventCountry "FRA"]
[SourceTitle "EXT 2008"]
[Source "ChessBase"]
[SourceDate "2007.11.25"]
[SourceVersion "1"]
[SourceVersionDate "2007.11.25"]
[SourceQuality "1"]
[WhiteTeam "Selestat"]
[BlackTeam "Obernai"]
[WhiteTeamCountry "FRA"]
[BlackTeamCountry "FRA"]

1. e4 e6 2. Nc3 d5 3. Nf3 Nf6 4. e5 Nfd7 5. d4 c5 6. dxc5 Nc6 7. Bf4 Bxc5 8. Qd2 f6 9. exf6 Qxf6 10. 0-0-0 0-0 11. Bg5 Qf7 12. h4 Nde5 13. Nxe5 Nxe5 14. f3 h6 15. Be3 Bxe3 16. Qxe3 Nc6 17. Bd3 Qf6 18. Nb5 Bd7 19. Qc5 Ne5 20. Nd6 Nxd3+ 21. Rxd3 Bc6 22. Re1 Qf4+ 23. Kb1 Qxh4 24. Rde3 Rf6 25. b4 Bd7 26. a3 Rg6 27. Qc7 Qe7 28. Qxb7 Rd8 29. Nb5 Rxg2 30. Nxa7 Qf6 31. Nc6 Qf5 32. Ne7+ 1-0

[Event "Selestat op 14th"]
[Site "Selestat"]
[Date "2007.??.??"]
[Round "2"]
[White "Brunstein, Sandrine"]
[Black "Brunner, Nicolas"]
[Result "0-1"]
[WhiteElo "2026"]
[BlackElo "2426"]
[PlyCount "70"]
[EventDate "2007.03.01"]
[EventType "swiss"]
[EventRounds "7"]
[EventCountry "FRA"]
[SourceTitle "CBM 117 Extra"]
[Source "ChessBase"]
[SourceDate "2007.05.09"]
[SourceVersion "1"]
[SourceVersionDate "2007.05.09"]
[SourceQuality "1"]

1. e4 c5 2. Nf3 d6 3. c3 Nf6 4. Bd3 Nc6 5. h3 d5 6. exd5 Nxd5 7. Bc2 Nc7 8. 0-0 g6 9. d3 Bg7 10. Nbd2 0-0 11. Re1 b6 12. Nc4 Ne6 13. Qe2 Bb7 14. Bb3 Rc8 15. Nce5 Nxe5 16. Nxe5 Bd5 17. Ba4 Qd6 18. Nc4 Qc7 19. Be3 Qb7 20. f4 b5 21. Na5 Qc7 22. Bb3 c4 23. dxc4 bxc4 24. Nxc4 Bxc4 25. Bxc4 Qxc4 26. Qxc4 Rxc4 27. Bxa7 Rxf4 28. Bf2 Ra8 29. a3 Rc4 30. Rad1 Rb8 31. Re2 Rb7 32. Red2 h5 33. Rd7 Rxb2 34. Rxe7 Rxc3 35. Rf1 Rcc2 0-1

[Event "FRA-chT2 East 0607"]
[Site "France"]
[Date "2006.12.10"]
[Round "4.8"]
[White "Cechetto, Lea"]
[Black "Brunstein, Sandrine"]
[Result "0-1"]
[WhiteElo "1790"]
[BlackElo "2014"]
[PlyCount "78"]
[EventDate "2006.10.15"]
[EventType "team"]
[EventRounds "11"]
[EventCountry "FRA"]
[SourceTitle "EXT 2008"]
[Source "ChessBase"]
[SourceDate "2007.11.25"]
[SourceVersion "1"]
[SourceVersionDate "2007.11.25"]
[SourceQuality "1"]
[WhiteTeam "Belfort"]
[BlackTeam "Obernai"]
[WhiteTeamCountry "FRA"]
[BlackTeamCountry "FRA"]

1. e4 e6 2. d4 d5 3. e5 c5 4. c3 Nc6 5. Nf3 Bd7 6. Be2 Rc8 7. 0-0 Qb6 8. a3 c4 9. Kh1 Nge7 10. Nbd2 Na5 11. Ng1 Ng6 12. f4 Be7 13. Qc2 Nh4 14. Nh3 Nf5 15. Rf3 h5 16. Nf2 Bh4 17. Nd1 g5 18. fxg5 Bxg5 19. Nxc4 Qb3 20. Qxb3 Nxb3 21. Bxg5 Nxa1 22. Nd6+ Nxd6 23. exd6 Nb3 24. Rg3 Ba4 25. Rh3 Kd7 26. Rf3 f5 27. Rh3 Na5 28. Rxh5 Rxh5 29. Bxh5 Kxd6 30. h4 Nc4 31. Bc1 Rh8 32. Bf4+ Kd7 33. Bf3 Rxh4+ 34. Bh2 Bxd1 35. Bxd1 Re4 36. Bf3 Re1+ 37. Bg1 Nxb2 38. Kh2 Nc4 39. Bf2 Ra1 0-1

[Event "FRA-chT2 East 0607"]
[Site "France"]
[Date "2006.11.26"]
[Round "3.6"]
[White "Brunstein, Sandrine"]
[Black "Joly, Laurent"]
[Result "1-0"]
[WhiteElo "2014"]
[BlackElo "2160"]
[PlyCount "47"]
[EventDate "2006.10.15"]
[EventType "team"]
[EventRounds "11"]
[EventCountry "FRA"]
[SourceTitle "EXT 2008"]
[Source "ChessBase"]
[SourceDate "2007.11.25"]
[SourceVersion "1"]
[SourceVersionDate "2007.11.25"]
[SourceQuality "1"]
[WhiteTeam "Obernai"]
[BlackTeam "Metz Fischer II"]
[WhiteTeamCountry "FRA"]
[BlackTeamCountry "FRA"]

1. e4 d5 2. exd5 Qxd5 3. Nc3 Qd6 4. Nf3 Nf6 5. h3 a6 6. d4 Bf5 7. Be3 Nc6 8. Nh4 Be6 9. Qd2 0-0-0 10. 0-0-0 Nb4 11. Nf3 Nbd5 12. Nxd5 Bxd5 13. Bf4 Qb6 14. Ne5 Ne4 15. Qe1 f6 16. c4 fxe5 17. cxd5 Nxf2 18. Qxf2 exf4 19. Bc4 g5 20. Rhe1 Rd6 21. Qc2 Bg7 22. Rxe7 Bxd4 23. Bb3 h6 24. Rxd4 1-0

[Event "Plancoet op 4th"]
[Site "Plancoet"]
[Date "2004.07.27"]
[Round "3"]
[White "Brunstein, Sandrine"]
[Black "Cotonnec, Antoine"]
[Result "1-0"]
[WhiteElo "2050"]
[BlackElo "2080"]
[PlyCount "55"]
[EventDate "2004.07.25"]
[EventType "swiss"]
[EventRounds "9"]
[EventCountry "FRA"]
[SourceTitle "CBM 101 Extra"]
[Source "ChessBase"]
[SourceDate "2004.09.01"]
[SourceVersion "2"]
[SourceVersionDate "2004.09.01"]
[SourceQuality "1"]

1. e4 g6 2. Nc3 Bg7 3. f4 d6 4. Nf3 e5 5. Bc4 c6 6. fxe5 dxe5 7. d3 Qe7 8. 0-0 f6 9. Kh1 Be6 10. Bxe6 Qxe6 11. d4 Nd7 12. d5 Qd6 13. Qe2 Ne7 14. Be3 a6 15. Rad1 c5 16. a4 0-0 17. a5 Rac8 18. Na4 g5 19. b3 Ng6 20. g3 b5 21. axb6 Ra8 22. Nd2 Rfb8 23. Nc4 Qf8 24. Qg4 Qe7 25. Qe6+ Kh8 26. Qxe7 Nxe7 27. Bxc5 Nxc5 28. Nxc5 1-0

[Event "FRA-ch Accession"]
[Site "Aix les Bains"]
[Date "2003.08.28"]
[Round "2"]
[White "Plantet, Sebastien"]
[Black "Brunstein, Sandrine"]
[Result "1-0"]
[WhiteElo "2304"]
[BlackElo "2056"]
[PlyCount "73"]
[EventDate "2003.08.19"]
[EventType "swiss"]
[EventRounds "11"]
[EventCountry "FRA"]
[SourceTitle "EXT 2004"]
[Source "ChessBase"]
[SourceDate "2003.11.25"]
[SourceVersion "1"]
[SourceVersionDate "2003.11.25"]
[SourceQuality "1"]

1. c4 e5 2. Nc3 Nc6 3. Nf3 f5 4. d4 e4 5. Bg5 Be7 6. Bxe7 Ngxe7 7. Ng1 d6 8. e3 0-0 9. g3 Bd7 10. h4 Be8 11. Nh3 Kh8 12. Nf4 Bf7 13. Be2 Ng8 14. a3 Nf6 15. Qc2 Qd7 16. h5 Rfe8 17. 0-0-0 a6 18. Rdg1 Na5 19. d5 b6 20. b4 Nb7 21. Qd1 a5 22. b5 Re5 23. Bf1 Ng4 24. Rg2 Nc5 25. Nce2 Kg8 26. Nd4 a4 27. Be2 Nf6 28. Kb2 Kf8 29. Nc6 Ree8 30. h6 Bg8 31. Qd4 Nb3 32. Qc3 Na5 33. hxg7+ Qxg7 34. Nd4 Qd7 35. Rh6 Kf7 36. Rxf6+ Kxf6 37. Nde6+ 1-0

[Event "FRA-ch Accession"]
[Site "Aix les Bains"]
[Date "2003.08.19"]
[Round "7"]
[White "Brunstein, Sandrine"]
[Black "Karim, Ismael"]
[Result "0-1"]
[WhiteElo "2056"]
[BlackElo "2200"]
[PlyCount "50"]
[EventDate "2003.08.19"]
[EventType "swiss"]
[EventRounds "11"]
[EventCountry "FRA"]
[SourceTitle "EXT 2004"]
[Source "ChessBase"]
[SourceDate "2003.11.25"]
[SourceVersion "1"]
[SourceVersionDate "2003.11.25"]
[SourceQuality "1"]

1. e4 c5 2. Nc3 Nc6 3. f4 e6 4. Nf3 d5 5. Bb5 Nf6 6. Qe2 Be7 7. d3 0-0 8. Bxc6 bxc6 9. 0-0 Ba6 10. Ne5 Qc7 11. b3 Nd7 12. Nxd7 Qxd7 13. Kh1 c4 14. dxc4 dxc4 15. bxc4 Qd4 16. Qd2 Qxc4 17. Rf3 Rfd8 18. Qe1 Bh4 19. g3 Bf6 20. Ba3 c5 21. Rb1 Rd7 22. e5 Be7 23. Kg1 Bb7 24. Re3 Qa6 25. Bc1 Rad8 0-1

[Event "FRA-ch Accession"]
[Site "Aix les Bains"]
[Date "2003.08.19"]
[Round "4"]
[White "Duquesnoy, Jean Philippe"]
[Black "Brunstein, Sandrine"]
[Result "1-0"]
[WhiteElo "2200"]
[BlackElo "2056"]
[PlyCount "51"]
[EventDate "2003.08.19"]
[EventType "swiss"]
[EventRounds "11"]
[EventCountry "FRA"]
[SourceTitle "EXT 2004"]
[Source "ChessBase"]
[SourceDate "2003.11.25"]
[SourceVersion "1"]
[SourceVersionDate "2003.11.25"]
[SourceQuality "1"]

1. d4 e6 2. g3 f5 3. Bg2 Nf6 4. c4 d5 5. Nh3 c6 6. 0-0 Bd6 7. Bf4 0-0 8. Nd2 Be7 9. Qc2 a5 10. Nf3 Ne4 11. Ne5 Nd7 12. Nd3 g5 13. Bc1 Bf6 14. e3 Nd6 15. b3 b5 16. cxd5 cxd5 17. a4 b4 18. Bb2 Ba6 19. Rfc1 Rc8 20. Qd2 Bxd3 21. Qxd3 Nc5 22. Rxc5 Rxc5 23. dxc5 Bxb2 24. Ra2 Ne4 25. Rxb2 Nxc5 26. Qd4 1-0

[Event "Agneaux St Lo (Women)"]
[Site "Agneaux"]
[Date "2003.07.14"]
[Round "6"]
[White "Brunstein, Sandrine"]
[Black "Mihajlovskij, Sergei"]
[Result "1/2-1/2"]
[WhiteElo "2056"]
[BlackElo "2411"]
[PlyCount "105"]
[EventDate "2003.07.09"]
[EventType "tourn"]
[EventRounds "9"]
[EventCountry "FRA"]
[SourceTitle "CBM 095 Extra"]
[Source "ChessBase"]
[SourceDate "2003.09.04"]
[SourceVersion "1"]
[SourceVersionDate "2003.09.04"]
[SourceQuality "1"]

1. e4 g6 2. d4 Bg7 3. Nc3 c6 4. Nf3 d5 5. e5 Bg4 6. h3 Bxf3 7. Qxf3 e6 8. Bd3 a6 9. Ne2 Nd7 10. 0-0 c5 11. c3 Qb6 12. a4 cxd4 13. cxd4 Ne7 14. Be3 Nc6 15. a5 Qb4 16. Rfd1 0-0 17. Bd2 Qe7 18. Qe3 Rfc8 19. Bc3 Rc7 20. Ra3 Rac8 21. Rb3 Qh4 22. Qg3 Qxg3 23. Nxg3 f6 24. f4 Bh6 25. Ne2 fxe5 26. dxe5 Bf8 27. Kh2 Nc5 28. Rb6 Na4 29. Rb3 Nxc3 30. Rxc3 Nxa5 31. Rxc7 Rxc7 32. Nd4 Kf7 33. Nf3 Bh6 34. Kg3 Nb3 35. h4 Rc1 36. Rxc1 Nxc1 37. Bf1 Nb3 38. Ng5+ Bxg5 39. hxg5 Nd2 40. Bd3 Nc4 41. b3 Nb2 42. Bf1 a5 43. Bb5 Nd1 44. Kf3 Nc3 45. Bd3 d4 46. g4 b5 47. f5 a4 48. bxa4 bxa4 49. Bc4 Ke7 50. Bxe6 d3 51. Ke3 Ne4 52. Bc4 d2 53. f6+ 1/2-1/2

[Event "FRA-chT U18"]
[Site "France"]
[Date "1996.??.??"]
[Round "?"]
[White "Brunstein, Sandrine"]
[Black "Guadalpi, Celine"]
[Result "0-1"]
[WhiteElo "1950"]
[BlackElo "1830"]
[PlyCount "64"]
[EventDate "1996.??.??"]
[EventType "team"]
[EventRounds "11"]
[EventCountry "FRA"]
[SourceTitle "EXT 2004"]
[Source "ChessBase"]
[SourceDate "2003.11.25"]
[SourceVersion "1"]
[SourceVersionDate "2003.11.25"]
[SourceQuality "1"]

1. e4 e6 2. d4 d5 3. exd5 exd5 4. c4 Nf6 5. Nc3 Bb4 6. Bd3 0-0 7. Nge2 Nbd7 8. 0-0 dxc4 9. Bxc4 Nb6 10. Bb3 Bg4 11. Be3 c6 12. f3 Bf5 13. Ng3 Bg6 14. Nce2 Nbd5 15. Bf2 Re8 16. a3 Ba5 17. Ba2 Qd6 18. b4 Bc7 19. Qd2 a5 20. Rac1 axb4 21. Bxd5 Nxd5 22. axb4 Nxb4 23. f4 Ra2 24. Qd1 Nd3 25. Rc3 Nxf4 26. Nxf4 Qxf4 27. Be3 Qd6 28. Bf4 Qd5 29. Qf3 Qxd4+ 30. Kh1 Bxf4 31. Rxc6 bxc6 32. Qxc6 Rd8 0-1